000 00451nam a2200193Ia 4500
005 20240823022622.0
008 240823s9999||||xx |||||||||||||| ||und||
020 _a981-243-113-6
041 _aENGLISH
082 _A629.83 P2
100 _a"Clark,Robert N"
245 0 _aControl System Dynamics
250 _a1st
260 _c2002
_bCambridge New
500 _aYES
650 _aControl System
_bElectronics
942 _cBK
999 _c179600
_d179600